000 00517pab a2200193 454500
008 180718b2014 xxu||||| |||| 00| 0 eng d
100 _aKrzyzowski, Lukasz
245 _aTransnational care giving in turbulent times: Polish migrants in Iceland and their elderly parents in Poland
260 _c2014
300 _ap.22-37.
362 _aJan
650 _aParents
650 _aAgeing
650 _aElderly
700 _aMucha, Janusz
773 _aInternational Sociology
908 _aN
909 _a103852
999 _c103848
_d103848